Renée Zellweger Movies - Statistics

General Stats
  • This quiz has been taken 70 times
  • The average score is 6 of 12
Answer Stats
Description Movie % Correct
Single woman in her thirties struggles to find love in London while navigating her own flaws and foibles Bridget Jones's Diary
97%
In this musical set in the 1920s, two ambitious vaudeville performers strive for fame and fortune Chicago
91%
"Show me the money", says a sport agent's last remaining client Jerry Maguire
88%
Biopic about Judy Garland's struggles with fame and addiction as she embarks on a sold-out London concert tour Judy
74%
Confederate deserter returns to the hills of North Carolina but must face evil Home Guards Cold Mountain
65%
Fish angers a crime family of sharks Shark Tale
62%
Underdog boxer must fight against a thuggish German champion Cinderella Man
35%
After witnessing a her husband's murder, a nurse has a post-traumatic obsession with a soap opera character Nurse Betty
32%
Two lawmen attempt to bring order to a lawless town in the 1800s Appaloosa
18%
Daughter learns to appreciate and understand her ailing mother One True Thing
18%
Gen X slackers from Houston have problems that probably seemed like a big deal in the 1990s Reality Bites
12%
Small-town teacher and an avid comic-book fan find love in 1930s Texas The Whole Wide World
12%
No matching quizzes found
Score Distribution
Percent of People with Each Score
Percentile by Number Answered
Your Score History
You have not taken this quiz